Конногвардейский бульвар в городе Санкт-Петербурге в 1880-х годах

Доступно только в Электронных читальных залах Найти на картеНа карте
RUSMARC
00003799nmc2a2200000 x 450
0016410768d-2f79-4764-82bc-5fe1513c41d6
00520160229161056.0
100##$a20140714l1880####k l0rusy0189 ca
1010#$arus
102##$aRU
2001#$aКонногвардейский бульвар в городе Санкт-Петербурге в 1880-х годах
$jне ранее 1880 г.
251##$cДело
300##$aОриг. заголовок дела: Вид Конногвардейского бульвара в Петербурге. Фотография, 1860-е гг
801#0$aRU
$bРГИА
$c20140714
$gRCR
801#1$aRU
$bГлавНИВЦ
$c20140714
$2rusmarc
801#2$aRU
$bПБ им. Б.Н. Ельцина
$c20160229
$gRCR
$2rusmarc
850##$aРГИА
852##$aРГИА
$eФедеральное казенное учреждение "Российский государственный исторический архив" (РГИА)
$j3051
937##$hРГИА
$d11167703
$aASBIBLIO_SCAN
462#0$1001074eb75f-1902-4909-a924-b21579da7b9b
$12001
$aКоллекция фотографий Техническо-строительного комитета МВД древних и архитектурно-скульптурных памятников России
$1251
$cОпись
$1852
$j169
461#0$1001f54a89d3-7a1d-489e-b167-0ae54867ea15
$12001
$aТехническо-строительный комитет МВД
$1251
$cФонд
$1852
$j1293
215##$a1 фотография в конверте
$cил.
$d37х40 см
371##$aДокумент не является опубликованным и широко распространяемым
105##$aa###
1220#$ad
5171#$aВид Конногвардейского бульвара в Петербурге. Фотография, 1860-е гг
035##$a6410768d-2f79-4764-82bc-5fe1513c41d6
Формат отображения